Welcome to WEB OPAC of MRSPTU Central Library

Control system engineering (Record no. 5176)

MARC details
000 -LEADER
fixed length control field 00447nam a2200169Ia 4500
008 - FIXED-LENGTH DATA ELEMENTS--GENERAL INFORMATION
fixed length control field 230711s9999||||xx |||||||||||||| ||und||
020 ## - INTERNATIONAL STANDARD BOOK NUMBER
International Standard Book Number 978-81-8371-360-3
041 ## - LANGUAGE CODE
Language code of text/sound track or separate title ENG
082 ## - DEWEY DECIMAL CLASSIFICATION NUMBER
Classification number 621.317
Item number AN-C
100 ## - MAIN ENTRY--PERSONAL NAME
Personal name Anandanatarajan,R
245 #0 - TITLE STATEMENT
Title Control system engineering
250 ## - EDITION STATEMENT
Edition statement 3rd Ed.
260 ## - PUBLICATION, DISTRIBUTION, ETC.
Date of publication, distribution, etc. 2011
Place of publication, distribution, etc. Hyderbad
Name of publisher, distributor, etc. Scitech Publications (India)Pvt.Ltd
650 ## - SUBJECT ADDED ENTRY--TOPICAL TERM
Topical term or geographic name entry element Electrical Engineering
700 ## - ADDED ENTRY--PERSONAL NAME
Personal name Babu,P.Ramesh
942 ## - ADDED ENTRY ELEMENTS (KOHA)
Koha item type Book
Holdings
Withdrawn status Lost status Damaged status Not for loan Collection Home library Current library Date acquired Total checkouts Full call number Barcode Date last seen Price effective from Koha item type
          MRSPTU Central Library MRSPTU Central Library     621.317 AN-C 19761 08/17/2023 08/17/2023 Book
          MRSPTU Central Library MRSPTU Central Library     621.317 AN-C 19762 08/17/2023 08/17/2023 Book
          MRSPTU Central Library MRSPTU Central Library     621.317 AN-C 19763 08/17/2023 08/17/2023 Book
          MRSPTU Central Library MRSPTU Central Library     621.317 AN-C 19764 08/17/2023 08/17/2023 Book
          MRSPTU Central Library MRSPTU Central Library     621.317 AN-C 19765 08/17/2023 08/17/2023 Book
          MRSPTU Central Library MRSPTU Central Library     621.317 AN-C 19766 08/17/2023 08/17/2023 Book
          MRSPTU Central Library MRSPTU Central Library     621.317 AN-C 19767 08/17/2023 08/17/2023 Book
          MRSPTU Central Library MRSPTU Central Library     621.317 AN-C 19768 08/17/2023 08/17/2023 Book
          MRSPTU Central Library MRSPTU Central Library     621.317 AN-C 19769 08/17/2023 08/17/2023 Book
          MRSPTU Central Library MRSPTU Central Library     621.317 AN-C 19770 08/17/2023 08/17/2023 Book

Website Designed and Developed by MRSPTU Central Library Team

E-mail Id: librarian@mrsptu.ac.in